000 01027naa a22003017a 4500
001 BR9208138
003 BR-BrBNA
005 20240918180806.0
007 ta
008 230509b bl.||||| |||| 00| 0 por d
040 _aBR-BrBNA
_bpor
_cBiblioteca Nacional de Agricultura
041 _a(Pt)
072 _aF61; H50
_b1470
090 _aF61 BR9208138
100 1 _aMuller, S.R.
245 1 _aNutricao mineral da cultura da ervilha (Pisum sativum L.)
260 3 _aVicosa, MG (Brasil):
_c1987.
500 _aCasali, V.W.D. Seminarios de Olericultura, v. 13 Vicosa, MG (Brasil): 1987. p. 122-175 (BR9208138-AM)F61
650 _aERVILHA
650 _aNUTRICAO VEGETAL
650 _aRHIZOBIUM
650 _aMACROELEMENTO
650 _aMICROELEMENTO
650 _aDEFICIENCIA MINERAL
773 0 _tSeminarios de Olericultura, v. 13
_aCasali, V.W.D.. Universidade Federal de Vicosa, MG (Brasil)
_wF61 BR9208138
_gVicosa, MG (Brasil), 1987. p. 122-175
909 _a202404
_bLucia
_c55
_dLucia Elande
942 _cAM
_2AGRIS
999 _c322049
_d322049